000 01373cam a2200397 i 4500
001 data
005 20260322212109.0
008 data
035 _a21102146
906 _a7
_bcbc
_ccopycat
_d3
_encip
_f20
_gy-gencatlg
925 0 _aacquire
_b1 shelf copy
_xpolicy default
955 _dwd24 2019-11-06
010 _a 2019335754
020 _a9789351483304
_q(HB)
020 _a9351483304
020 _a9789351483311
_q(PB)
020 _a9351483312
035 _a(OCoLC)1109221704
037 _bLibrary of Congress -- New Delhi Overseas Office
040 _aDKAGE
_beng
_erda
_cDKAGE
_dDLC
_dDKAGE
_dOCLCO
_dOCLCF
_dDLC
042 _alcode
_alcode
050 0 0 _aBR85
_b.J556 2019
082 0 4 _a230
_223
100 1 _aJohn, Santhosh,
_eauthor.
245 1 0 _aCompendium of theological thought :
_bvaried discussions on counselling, theology, communication spirituality & feminism /
_cSanthosh John.
264 1 _aNew Delhi :
_bChristian World Imprints,
_c2019.
300 _ax, 148 pages ;
_c23 cm.
336 _atext
_btxt
_2rdacontent
337 _aunmediated
_bn
_2rdamedia
338 _avolume
_bnc
_2rdacarrier
490 0 _aChristian Heritage Rediscovered ;
_v72
504 _aIncludes bibliographical references.
650 0 _aTheology.
650 7 _aTheology.
_2fast
_0(OCoLC)fst01149559
985 _eODE-nd
999 _c1625
_d1625